Statistics for NFL Football Teams Quiz

Click here to take the quiz!

General Stats

  • This quiz has been taken 1,106,879 times
  • The average score is 25 of 32

Answer Stats

Team% Correct
New England Patriots
92%
New York Giants
91%
Dallas Cowboys
89%
New York Jets
88%
Green Bay Packers
88%
Pittsburgh Steelers
87%
Miami Dolphins
86%
San Francisco 49ers
85%
Seattle Seahawks
84%
Las Vegas Raiders
82%
Chicago Bears
82%
Philadelphia Eagles
82%
Minnesota Vikings
80%
Washington Football Team
80%
Denver Broncos
80%
Cleveland Browns
79%
Houston Texans
79%
New Orleans Saints
78%
Baltimore Ravens
78%
Atlanta Falcons
77%
Los Angeles Chargers
77%
Detroit Lions
77%
Carolina Panthers
77%
Indianapolis Colts
76%
Arizona Cardinals
76%
Los Angeles Rams
74%
Cincinnati Bengals
74%
Jacksonville Jaguars
73%
Tampa Bay Buccaneers
72%
Kansas City Chiefs
72%
Tennessee Titans
72%
Buffalo Bills
70%

Score Distribution

Percentile by Number Answered

Percent of People with Each Score

Your Score History

You have not taken this quiz